| 000 | 01491nam a2200409Ii 4500 | ||
|---|---|---|---|
| 001 | DIGINDE0032 | ||
| 003 | NyNyDIG | ||
| 006 | m o d | ||
| 007 | cr ||||||||||| | ||
| 008 | 211223s2021 sp a ob 000 0 spa d | ||
| 035 | _a(OCoLC)1281958208 | ||
| 040 |
_aDGITA _beng _erda _epn _cDGITA |
||
| 020 |
_a9788497295451 _qeBook _qpdf |
||
| 020 | _z9788497293563 | ||
| 050 | 1 | 4 | _aGV709 ebook |
| 100 | 1 |
_aPiedra Miralles, Joaquín, _eauthor. |
|
| 245 | 1 | 0 |
_aDeporte y género : _bmanual de iniciación / _cJoaquín Piedra de la Cuadra. |
| 250 | _aPrimera edición. | ||
| 264 | 1 |
_a[Barcelona] : _bINDE Publicaciones, _c2021. |
|
| 300 |
_a1 online resource : _billustrations. |
||
| 336 |
_atext _btxt _2rdacontent |
||
| 337 |
_acomputer _bc _2rdamedia |
||
| 338 |
_aonline resource _bcr _2rdacarrier |
||
| 347 |
_atext file _2rdaft |
||
| 347 | _bPDF | ||
| 504 | _aIncludes bibliographical references. | ||
| 588 | 0 | _aOnline resource; title from PDF title page (Digitalia, viewed December 23, 2021) | |
| 650 | 0 | _aSex discrimination in sports. | |
| 650 | 0 | _aWomen athletes. | |
| 655 | 0 | _aElectronic books. | |
| 791 | 2 |
_aDigitalia (Firm), _edistributor. |
|
| 793 | 0 |
_gDigitalia eBook Collection: _aInde |
|
| 776 | 0 | 8 |
_iPrint version: _aPiedra Miralles, Joaquín. _tDeporte y género. _dBarcelona : INDE Publicaciones, 2016 _z9788497293563 |
| 856 | 4 | 0 |
_3Digitalia Hispánica _uhttps://www.digitaliapublishing.com/a/103510/ |
| 910 | _aPremium collection: 2022 | ||
| 942 | _cRAA | ||
| 999 |
_c269674 _d269674 |
||